000 01117nam a2200313 i 4500
003 EG-ScBUE
005 20230507111536.0
008 170622s2017 ua o f 000 0 ara d
017 _a2016 / 27613
020 _a9789779545528
040 _aEG-ScBUE
_bara
_erda
_cEG-ScBUE
_dEG-ScBUE
043 _af-ua---
082 0 4 _222
_a791.430962
_bف ت ح
100 1 _aفتحي، سامح،
_eمؤلف.
245 1 0 _aأهم مائة فيلم وفيلم في السينما المصرية :
_bبمناسبة مرور 90 عاما على السينما المصرية /
_cتأليف سامح فتحي.
250 _aالطبعة الأولى.
264 1 _aالقاهرة :
_bسامح فتحي،
_c2017.
300 _a208 صفحة ؛
_bصور ؛
_c24 سم
336 _2rdacontent
_aنص
_btxt
337 _2rdamedia
_aبدون وسيط
_bn
338 _2rdacarrier
_aمجلد
_bnc
541 _aإهداء من ا. محمد فريد خميس.
590 _aWessam
650 7 _aالسينما
_zمصر
_xتاريخ.
_2BUEsh
651 _2BUEsh
653 _bCOMAME
_cJune2017
655 _vReading book
942 _2ddc
999 _c24957
_d24929